Analýza podnikateľského prostredia zameraná na podnikanie v MSP diplomová práca

Uložené v:
Podrobná bibliografia
Hlavný autor: Šafár, Miroslav
Korporativný autor: Fakulta podnikového manažmentu EU. Katedra podnikovohospodárska
Ďalší autori: Mikušová, Nora, 1978-
Médium: Kniha
Jazyk:Slovak
Vydavateľské údaje: Bratislava 2009
Tagy: Pridať tag
Žiadne tagy, Buďte prvý, kto otaguje tento záznam!

MARC

LEADER 00000nam$a2200000$$$4500
001 0101533
005 20240319130000.3
041 0 |a slo 
044 |a SK 
245 1 0 |a Analýza podnikateľského prostredia zameraná na podnikanie v MSP  |b diplomová práca  |c Miroslav Šafár ; škol. Nora Mikušová 
264 1 |a Bratislava  |c 2009 
300 |a 73 s. 
100 1 |a Šafár, Miroslav 
700 1 |a Mikušová, Nora, 1978- 
710 2 |a Fakulta podnikového manažmentu EU. Katedra podnikovohospodárska